[Event "Hradec Kralove Region-chT 2223"]
[Site "Czech Republic"]
[Date "2023.02.26"]
[Round "9.1"]
[White "Sadek, Vojtech"]
[Black "Cechura, Petr"]
[Result "1/2-1/2"]
[WhiteElo "2006"]
[BlackElo "2193"]
[PlyCount "24"]
[EventDate "2022.10.09"]
[EventType "team-tourn"]
[EventRounds "11"]
[EventCountry "CZE"]
[SourceTitle "EXT 2024"]
[Source "ChessBase"]
[SourceDate "2023.10.10"]
[SourceVersion "1"]
[SourceVersionDate "2023.10.10"]
[SourceQuality "1"]

1. e4 c5 2. Nc3 a6 3. g3 b5 4. Bg2 Bb7 5. d3 e6 6. f4 d6 7. Nf3 Nf6 8. 0-0 b4 9. Ne2 Be7 10. h3 Nc6 11. g4 Qc7 12. Ng3 0-0-0 1/2-1/2

[Event "Hradec Kralove Region-chT 2223"]
[Site "Czech Republic"]
[Date "2022.10.09"]
[Round "1.2"]
[White "Bulockin, Martin"]
[Black "Sadek, Vojtech"]
[Result "1/2-1/2"]
[WhiteElo "2299"]
[BlackElo "2006"]
[PlyCount "116"]
[EventDate "2022.10.09"]
[EventType "team-tourn"]
[EventRounds "11"]
[EventCountry "CZE"]
[SourceTitle "EXT 2024"]
[Source "ChessBase"]
[SourceDate "2023.10.10"]
[SourceVersion "1"]
[SourceVersionDate "2023.10.10"]
[SourceQuality "1"]

1. d4 d5 2. Bf4 c5 3. e3 cxd4 4. exd4 Nc6 5. c3 f6 6. Bd3 e5 7. Qh5+ g6 8. Qe2 e4 9. Nd2 Bd6 10. Bxd6 Qxd6 11. Bb5 Nge7 12. c4 0-0 13. c5 Qc7 14. Nb3 Bd7 15. Qd2 f5 16. f4 a5 17. Ne2 a4 18. Nbc1 Na5 19. Bxd7 Qxd7 20. b3 axb3 21. axb3 Nc4 22. Qc3 Rxa1 23. Qxa1 Ne3 24. Kf2 Ng4+ 25. Kg3 Qb5 26. h3 Nf6 27. Rd1 Nc6 28. Kf2 b6 29. Nc3 Qb4 30. Na4 Nd7 31. Nc3 Nf6 32. Na4 Ra8 33. cxb6 Qxb6 34. Qc3 Qb5 35. Na2 Rb8 36. Rc1 Nb4 37. Nxb4 Qxb4 38. Nc5 Kf7 39. Qxb4 Rxb4 40. Ke3 Ke7 41. Ra1 Nh5 42. Ra7+ Kd6 43. Rxh7 Ng3 44. Rg7 Nf1+ 45. Ke2 Ng3+ 46. Kf2 Rxd4 47. Nb7+ Kc6 48. Kxg3 Rd3+ 49. Kf2 d4 50. Na5+ Kb5 51. Nc4 Rxb3 52. Ne5 Rb2+ 53. Kf1 Rb1+ 54. Kf2 Rb2+ 55. Kf1 Rb1+ 56. Kf2 Rb2+ 57. Kf1 Rb1+ 58. Ke2 Rb2+ 1/2-1/2

[Event "Ceske Budejovice op-A"]
[Site "Ceske Budejovice"]
[Date "2022.07.07"]
[Round "7"]
[White "Sadek, Vojtech"]
[Black "Kosut, Tomas"]
[Result "1-0"]
[WhiteElo "1973"]
[BlackElo "1820"]
[PlyCount "95"]
[EventDate "2022.07.01"]
[EventType "swiss"]
[EventRounds "9"]
[EventCountry "CZE"]
[SourceTitle "CBM 209 Extra"]
[Source "ChessBase"]
[SourceDate "2022.09.30"]
[SourceVersion "1"]
[SourceVersionDate "2022.09.30"]
[SourceQuality "1"]

1. e4 c5 2. Nc3 a6 3. a4 d6 4. f4 Nc6 5. Nf3 Bg4 6. Be2 g6 7. 0-0 Bg7 8. d3 Nf6 9. Qe1 Bxf3 10. Bxf3 Nd4 11. Qf2 Nd7 12. Kh1 0-0 13. g4 Rb8 14. Bd1 b5 15. axb5 axb5 16. Ne2 Ra8 17. Rxa8 Qxa8 18. Qh4 Re8 19. f5 Nxe2 20. Bxe2 Qa4 21. b3 Qa2 22. Bd1 c4 23. bxc4 bxc4 24. Bg5 cxd3 25. cxd3 f6 26. fxg6 hxg6 27. Be3 Ne5 28. d4 Qc4 29. Qf2 Nd7 30. Be2 Qc2 31. Qf3 Rb8 32. Rc1 Rb1 33. Rxb1 Qxb1+ 34. Kg2 Qc2 35. Kg3 Nb6 36. Bf2 Qc7 37. Kg2 Qc2 38. Bd3 Qc3 39. Qe3 Nd7 40. h3 Nf8 41. Qe2 Kh7 42. Bc4 Bh6 43. Qa2 Qd2 44. Qa7 Be3 45. Qxe7+ Kh6 46. Qxf8+ Kg5 47. h4+ Kxg4 48. Qxf6 1-0

[Event "Ceske Budejovice op-A"]
[Site "Ceske Budejovice"]
[Date "2022.07.03"]
[Round "3"]
[White "Sadek, Vojtech"]
[Black "Palchuk, Andrii"]
[Result "0-1"]
[WhiteElo "1973"]
[BlackElo "2248"]
[PlyCount "70"]
[EventDate "2022.07.01"]
[EventType "swiss"]
[EventRounds "9"]
[EventCountry "CZE"]
[SourceTitle "CBM 209 Extra"]
[Source "ChessBase"]
[SourceDate "2022.09.30"]
[SourceVersion "1"]
[SourceVersionDate "2022.09.30"]
[SourceQuality "1"]

1. e4 c6 2. d4 d5 3. f3 Qb6 4. a4 a5 5. exd5 cxd5 6. Nc3 e6 7. Bb5+ Nc6 8. Nge2 Nf6 9. 0-0 Be7 10. Kh1 Bd7 11. Bf4 0-0 12. Re1 Rac8 13. Qd2 Bb4 14. Bg5 Ne8 15. Qd3 Nd6 16. Red1 Rfe8 17. Bf4 Nf5 18. Rab1 Qd8 19. Na2 Bf8 20. Qd2 Nce7 21. Nac3 Bc6 22. Ng3 Nxg3+ 23. hxg3 Nf5 24. Bd3 Nxd4 25. Bxh7+ Kxh7 26. Qxd4 Kg8 27. Qd3 e5 28. Bd2 d4 29. Nb5 e4 30. Qxd4 exf3 31. Qxd8 fxg2+ 32. Kh2 Rcxd8 33. Bxa5 Rxd1 34. Rxd1 Re5 35. g4 Bc5 0-1

[Event "CZE-chT2D 2122"]
[Site "Czech Republic"]
[Date "2022.03.20"]
[Round "10.5"]
[White "Sadek, Vojtech"]
[Black "Trhal, Michal"]
[Result "1-0"]
[WhiteElo "1957"]
[BlackElo "2007"]
[PlyCount "71"]
[EventDate "2021.10.17"]
[EventType "team-tourn"]
[EventRounds "11"]
[EventCountry "CZE"]
[SourceTitle "EXT 2025"]
[Source "ChessBase"]
[SourceDate "2024.10.14"]
[SourceVersion "1"]
[SourceVersionDate "2024.10.14"]
[SourceQuality "1"]
[WhiteTeam "Horice Jiskra"]
[BlackTeam "Zabreh"]
[WhiteTeamCountry "CZE"]
[BlackTeamCountry "CZE"]

1. e4 e5 2. Nf3 Nc6 3. Bc4 Bc5 4. b4 Bxb4 5. c3 Be7 6. d4 d6 7. Qb3 Na5 8. Bxf7+ Kf8 9. Qa4 Kxf7 10. Qxa5 exd4 11. cxd4 Nf6 12. Nc3 c6 13. Qa4 Rf8 14. 0-0 Kg8 15. Ba3 Kh8 16. Rab1 Nh5 17. Nd2 Bg5 18. Qc2 Rf6 19. e5 Rg6 20. Bxd6 Bxd2 21. Qxd2 Bh3 22. g3 Bxf1 23. Kxf1 Qd7 24. Ne4 Qf5 25. Qe3 b6 26. Re1 Re8 27. Qc3 Qh3+ 28. Kg1 Nf4 29. Qf3 Ne6 30. Qf7 Rg8 31. f4 Nxd4 32. Ng5 Qg4 33. e6 Rxg5 34. e7 Rf5 35. Qxg8+ Kxg8 36. e8Q+ 1-0

[Event "CZE-chT2C 2122"]
[Site "Czech Republic"]
[Date "2021.11.07"]
[Round "2.7"]
[White "Karas, Marek"]
[Black "Sadek, Vojtech"]
[Result "1-0"]
[WhiteElo "2287"]
[BlackElo "1957"]
[PlyCount "115"]
[EventDate "2021.10.17"]
[EventType "team-tourn"]
[EventRounds "11"]
[EventCountry "CZE"]
[SourceTitle "EXT 2025"]
[Source "ChessBase"]
[SourceDate "2024.10.14"]
[SourceVersion "1"]
[SourceVersionDate "2024.10.14"]
[SourceQuality "1"]
[WhiteTeam "Ricany Betsys II"]
[BlackTeam "Jicin AD"]
[WhiteTeamCountry "CZE"]
[BlackTeamCountry "CZE"]

1. a3 Nf6 2. Nf3 e6 3. c4 d5 4. e3 c5 5. d4 cxd4 6. exd4 Be7 7. Nc3 0-0 8. Bd3 dxc4 9. Bxc4 Nbd7 10. 0-0 Nb6 11. Bb3 Nbd5 12. Ne5 h6 13. Qf3 a6 14. Re1 Qb6 15. Nxd5 Nxd5 16. Bxd5 exd5 17. Qxd5 Be6 18. Qe4 Rfd8 19. Be3 Qxb2 20. Nd3 Qb5 21. Nf4 Qd7 22. Nxe6 fxe6 23. Bxh6 Bf6 24. Be3 Qd5 25. Qg4 Rd6 26. Bf4 Rd7 27. Be5 Bxe5 28. Rxe5 Qxd4 29. Qxe6+ Rf7 30. Rf1 Rd8 31. h3 Qd6 32. Qxd6 Rxd6 33. Rfe1 Rd3 34. R5e3 Rfd7 35. Rxd3 Rxd3 36. Re7 b5 37. a4 bxa4 38. Re6 a5 39. Re5 Rd1+ 40. Kh2 Rd2 41. Kg3 a3 42. Rxa5 a2 43. f4 Kf7 44. Ra6 g6 45. Kf3 Rb2 46. g3 Kg7 47. Kg4 Rg2 48. Kh4 Kf7 49. g4 Rb2 50. Kg5 Rb5+ 51. Kh6 Rb2 52. g5 Kf8 53. Ra8+ Kf7 54. Ra7+ Ke6 55. Kxg6 Rf2 56. f5+ Rxf5 57. Rxa2 Rf3 58. Re2+ 1-0

[Event "Ceske Budejovice op"]
[Site "Ceske Budejovice"]
[Date "2021.07.06"]
[Round "6"]
[White "Hosticka, Frantisek"]
[Black "Sadek, Vojtech"]
[Result "1-0"]
[WhiteElo "2098"]
[BlackElo "1893"]
[PlyCount "81"]
[EventDate "2021.07.01"]
[EventType "swiss"]
[EventRounds "9"]
[EventCountry "CZE"]
[SourceTitle "CBM 203 Extra"]
[Source "ChessBase"]
[SourceDate "2021.09.30"]
[SourceVersion "1"]
[SourceVersionDate "2021.09.30"]
[SourceQuality "1"]

1. e4 c5 2. Nf3 e6 3. c4 a6 4. Nc3 Qc7 5. d4 cxd4 6. Nxd4 Nf6 7. Nc2 b6 8. Bg5 Be7 9. Bd3 d6 10. 0-0 Bb7 11. f4 Nbd7 12. Qe2 0-0 13. Rae1 e5 14. Ne3 Rfe8 15. Nf5 Bf8 16. fxe5 dxe5 17. Nh6+ gxh6 18. Bxf6 Nxf6 19. Rxf6 Bg7 20. Rf3 Rad8 21. Ref1 Rd7 22. Rg3 Kh8 23. Qg4 Rg8 24. Nd5 Qd8 25. Kh1 Bc8 26. Qh5 f6 27. Be2 Rd6 28. Bg4 Bxg4 29. Qxg4 Qd7 30. Qf3 Qd8 31. h3 b5 32. c5 Rc6 33. b4 Rf8 34. Qg4 Rf7 35. Rd1 Qe8 36. Ne3 a5 37. a3 axb4 38. axb4 Rcc7 39. Nf5 Qc8 40. Nd6 Qxg4 41. Nxf7+ 1-0

[Event "Ceske Budejovice op"]
[Site "Ceske Budejovice"]
[Date "2021.07.01"]
[Round "1"]
[White "Sadek, Vojtech"]
[Black "Jurek, Josef"]
[Result "1/2-1/2"]
[WhiteElo "1893"]
[BlackElo "2214"]
[PlyCount "90"]
[EventDate "2021.07.01"]
[EventType "swiss"]
[EventRounds "9"]
[EventCountry "CZE"]
[SourceTitle "CBM 203 Extra"]
[Source "ChessBase"]
[SourceDate "2021.09.30"]
[SourceVersion "1"]
[SourceVersionDate "2021.09.30"]
[SourceQuality "1"]

1. e4 c5 2. Nf3 e6 3. d4 cxd4 4. Nxd4 Nc6 5. Nxc6 bxc6 6. Bd3 Nf6 7. 0-0 d5 8. exd5 cxd5 9. Nc3 Be7 10. Bf4 0-0 11. Qe2 Bb7 12. Rfe1 Rc8 13. a3 Qb6 14. Rab1 Rfe8 15. Qd2 g6 16. Bg5 d4 17. Bxf6 Bxf6 18. Ne4 Bg7 19. Qb4 Red8 20. Qxb6 axb6 21. f4 h6 22. h4 Bd5 23. b3 f5 24. Nd2 Bf6 25. g3 g5 26. hxg5 hxg5 27. Nc4 Rb8 28. Ne5 Rb7 29. Bc4 Rc7 30. Bxd5 Rxd5 31. Nd3 Kf7 32. a4 Rd8 33. Re2 Rdc8 34. Rb2 Rg8 35. Rh2 gxf4 36. Rh7+ Rg7 37. Rxg7+ Bxg7 38. gxf4 Ke7 39. Kf2 Kd6 40. Ke2 Bh6 41. b4 Ra7 42. Ra2 Kd5 43. a5 Kc6 44. b5+ Kxb5 45. Rb2+ Kc6 1/2-1/2

[Event "Hradec Kralove op 10th"]
[Site "Hradec Kralove"]
[Date "2019.10.29"]
[Round "4"]
[White "Sadek, Vojtech"]
[Black "Bullen, Alex"]
[Result "1-0"]
[WhiteElo "1885"]
[BlackElo "2108"]
[PlyCount "105"]
[EventDate "2019.10.26"]
[EventType "swiss"]
[EventRounds "9"]
[EventCountry "CZE"]
[SourceTitle "CBM 193 Extra"]
[Source "ChessBase"]
[SourceDate "2020.01.31"]
[SourceVersion "1"]
[SourceVersionDate "2020.01.31"]
[SourceQuality "1"]

1. e4 c6 2. d4 d5 3. Nc3 dxe4 4. Nxe4 Bf5 5. Ng3 Bg6 6. h4 h6 7. Nf3 Nd7 8. h5 Bh7 9. Bd3 Bxd3 10. Qxd3 e6 11. Bd2 Ngf6 12. 0-0-0 Be7 13. Kb1 Qb6 14. Ne4 Rd8 15. Nxf6+ Nxf6 16. Be3 Ng4 17. Qe2 Qb5 18. c4 Qf5+ 19. Ka1 0-0 20. Bc1 c5 21. Ne5 Nf6 22. g4 Qe4 23. Qxe4 Nxe4 24. Be3 cxd4 25. Bxd4 Bf6 26. f4 Bxe5 27. fxe5 b6 28. Rhe1 Ng5 29. Re3 Rd7 30. Kb1 Rfd8 31. Red3 Nf3 32. Rxf3 Rxd4 33. Rxd4 Rxd4 34. Ra3 Rxc4 35. Rxa7 Rxg4 36. Rb7 Rg5 37. Rxb6 Rxe5 38. Rb8+ Kh7 39. b4 g5 40. hxg6+ fxg6 41. Rb7+ Kg8 42. a4 Re3 43. Kb2 Re2+ 44. Kb3 Re3+ 45. Kc4 Ra3 46. a5 h5 47. Ra7 h4 48. b5 h3 49. b6 Ra1 50. b7 Rc1+ 51. Kd3 Rd1+ 52. Ke2 Rd8 53. Ra8 1-0

[Event "Pardubice Czech op-C 30th"]
[Site "Pardubice"]
[Date "2019.07.22"]
[Round "3"]
[White "Kraus, Ondrej"]
[Black "Sadek, Vojtech"]
[Result "0-1"]
[WhiteElo "1968"]
[BlackElo "1657"]
[PlyCount "38"]
[EventDate "2019.07.20"]
[EventType "swiss"]
[EventRounds "9"]
[EventCountry "CZE"]
[SourceTitle "EXT 2020"]
[Source "ChessBase"]
[SourceDate "2019.10.17"]
[SourceVersion "1"]
[SourceVersionDate "2019.10.17"]
[SourceQuality "1"]

1. d4 Nf6 2. Nf3 e6 3. c4 Bb4+ 4. Bd2 Bxd2+ 5. Nbxd2 b6 6. e4 d5 7. cxd5 exd5 8. e5 Nfd7 9. Qc2 Bb7 10. Rc1 c5 11. dxc5 bxc5 12. Nb3 Na6 13. a3 0-0 14. Bb5 c4 15. Qf5 Ndc5 16. Nxc5 Nxc5 17. 0-0 a6 18. Bxc4 dxc4 19. Rxc4 Ne6 0-1